000 00441nam a2200145Ia 4500
003 GCL
008 140319s9999 xx 000 0 eng d
040 _aGCL /
_cGCL
082 0 4 _aCC
_b378.155
_bR C
100 1 _aREID, DONALD MALCOM
245 1 0 _aCAIRO UNIVERSITY AND THE MAKING OF MODERN EGYPT. /
_cREID, DONALD MALCOM
260 _a[S.N] :
_bCAMBRIBGE UNIVERSITY PRESS ،
_c1990
650 0 4 _aJAMI'AL AL Q AHIRAH HISTORY
942 _2ddc
_cBK
999 _c17322
_d17322